Suor Juana Inés de la Cruz, o Le insidie della fede /
I tiakina i:
| Kaituhi matua: | |
|---|---|
| Ētahi atu kaituhi: | |
| Hōputu: | Pukapuka |
| Reo: | Itāriana |
| I whakaputaina: |
Milano :
Garzanti,
1991
|
| Rangatū: | Saggi blu
|
| Ngā marau: | |
| Ngā Tūtohu: |
Kāore He Tūtohu, Me noho koe te mea tuatahi ki te tūtohu i tēnei pūkete!
|
MARC
| LEADER | 00000nam a2200000 i 4500 | ||
|---|---|---|---|
| 001 | IT\ICCU\RAV\0169246 | ||
| 003 | ItRI | ||
| 005 | 20250827072428.0 | ||
| 008 | 911206s1991 it |||||| ||||| |||||c | ||
| 020 | |a 8811598699 | ||
| 040 | |b ita |c ct | ||
| 041 | 7 | |a ita |2 ISO-639-2 | |
| 082 | |a 861 |2 20 | ||
| 100 | 1 | |a Paz, Octavio |0 IT\ICCU\CFIV\043484 |4 aut | |
| 240 | 1 | 0 | |a Sor Juana Ines de la Cruz o las trampas de la fe. - |9 Paz, Octavio |
| 245 | 1 | 0 | |a Suor Juana Inés de la Cruz, o Le insidie della fede / |c Octavio Paz ; introduzione di Dario Puccini. |
| 246 | 1 | 3 | |a Suor Juana, o Le insidie della fede. |
| 246 | 1 | 3 | |a Suor Juana. |
| 246 | 1 | 3 | |a Suor Juana Ines de la Cruz. - |
| 246 | 1 | 3 | |a Le insidie della fede. - |
| 260 | |a Milano : |b Garzanti, |c 1991 | ||
| 300 | |a 685 p., \16! c. di tav. : |b ill. ; |c 22 cm | ||
| 500 | |a Trad. di Glauco Felici. | ||
| 500 | |a Tit. in cop. | ||
| 500 | |a Tit. sul dorso | ||
| 650 | 7 | |a Juana Inés : de la Cruz | |
| 700 | 1 | |a Puccini, Dario |0 IT\ICCU\CFIV\082041 | |
| 830 | 0 | |a Saggi blu |0 IT\ICCU\CFI\0001047 | |
| 942 | |2 ddc |c BK | ||
| 952 | |0 0 |1 0 |2 ddc |4 0 |6 B_LNR01PAZOCSUO11 |7 0 |9 9112 |a MI |b MI |d 2011-11-21 |i 6255 |l 0 |o B-LNR01-PAZOC-SUO11 |p CDOM6255 |r 2025-07-17 21:50:00 |w 2025-07-17 |x ACQUISTO |y BK | ||
| 981 | 1 | |6 z01 |a i |b xxxe | |
| 982 | 1 | |6 z01 |a n | |
| 999 | |c 7588 |d 7588 | ||